Thông báo hội nghị lần thứ Tám, ban chấp hành trung ương Đảng khóa X /
Sparad:
| Institutionell upphovsman: | |
|---|---|
| Materialtyp: | Artikel |
| Språk: | Vietnamese |
| Ämnen: | |
| Taggar: |
Lägg till en tagg
Inga taggar, Lägg till första taggen!
|
| Thư viện lưu trữ: | Thư viện Trường Đại học Đà Lạt |
|---|
| LEADER | 00787nam a2200265 4500 | ||
|---|---|---|---|
| 001 | DLU100108196 | ||
| 005 | ##20100527 | ||
| 040 | # | # | |a DLU |b vie |
| 041 | # | # | |a vie |
| 044 | # | # | |a vn |
| 245 | # | # | |a Thông báo hội nghị lần thứ Tám, ban chấp hành trung ương Đảng khóa X / |c Toàn Cảnh. |
| 653 | # | # | |a An sinh xã hội |
| 653 | # | # | |a Phát triển bền vững |
| 653 | # | # | |a Tăng trưởng kinh tế |
| 710 | # | # | |a Toàn Cảnh. |
| 773 | # | # | |t Toàn cảnh |g Số10(219), 2008, tr. 2-3 |
| 920 | # | # | |a Phòng Tạp chí -- Trung tâm Thông tin - Thư viện Trường Đại học Đà Lạt |
| 994 | # | # | |a DLU |
| 900 | # | # | |a True |
| 911 | # | # | |a Nguyễn Thị Linh Chi |
| 925 | # | # | |a G |
| 926 | # | # | |a A |
| 927 | # | # | |a BB |
| 980 | # | # | |a Thư viện Trường Đại học Đà Lạt |